000 01194nam a22003737a 4500
001 0008517
003 KOHA_MİRAKIL
005 20260207001637.0
007 ta
008 091009b1989 tu |||gr||||#||||0|tur |
020 _a9751601037
_cTL2,5
040 _aTR-BiSEU
_btur
_cTR-BiSEU
_erda
041 0 _atur
044 _ctu
050 _aHC492
_b.A34 1989
100 1 _aAfetinan, A..
245 1 _aİzmir İktisat Kongresi :
_b17 Şubat-4 Mart 1923/
_cA. Afetinan ; A. Afetinan.
246 _aİzmir İktisat Kongresi (1989 : İzmir)
264 1 _aAnkara :
_bTürk Tarih Kurumu
_c1989
300 _a104 sayfa; 23 cm.
336 _ametin
_btxt
_2rdacontent
337 _aaracısız
_bn
_2rdamedia
338 _acilt
_bnc
_2rdacarrier
490 1 _aAtatürk Kültür Dil ve Tarih Yüksek Kurumu Türk Tarih Kurumu Yayınları ;
_vXVI.
490 1 _adizi ;
_vsa.
490 1 _a46.
500 _aDizin var.
650 0 _aEkonomi--Tarih.
_98352
650 0 _aTürkiye--Ekonomi--Tarih.
_915076
830 1 _aAtatürk Kültür Dil ve Tarih Yüksek Kurumu Türk Tarih Kurumu Yayınları ;
_vXVI.
_913488
830 1 _adizi ;
_vsa.
_910357
830 1 _a46.
_95548
942 _2lcc
_cBK
999 _c8489
_d8489